000 00880cam a2200241 a 4500
001 000002569
005 20200929150220.0
008 830622s1980 sp 001 0 spa
020 _a840004780X
040 _aDO-SdBNP
_cDLC
_dDLC
082 _a868
_bC382a, 1980
100 1 _aCavia, Mariano de,
_d1855-1920.
_98087
245 1 0 _aAntología /
_cMariano de Cavia ; estudio preliminar, notas y selección por Enrique Pardo Canalís.
250 _a2a ed.
260 _a[Zaragoza] :
_bInstitución "Fernando el Católico",
_c1980.
300 _a491 p. ;
_c19 cm.
440 0 _aBiblioteca de autores aragoneses del siglo XIX ;
_v3
_98088
504 _aIncluye referencias bibliográficas: p. 95-104.
650 4 _aLiteratura española
_xColecciones
_94174
650 4 _aLiteratura española
_9632
700 1 _aPardo Canalís, Enrique.
_98089
910 _aCatalogación por copia / LC
999 _c2405
_d2405